000 00555nam a22001697a 4500
005 20251108175351.0
008 250721s2016 xx 000 0 ara d
082 1 4 _a615.1/شوي
100 1 _aالشويخ، رنا مجاهد عبدالله
245 1 0 _aالمضادات الحيوية و استعمالاتها /
264 1 _aعمان :
_bدار دجلة ناشرون وموزعون،
_c2016.
300 _a112 ص.
650 1 7 _aمضادات الحيوية
650 1 7 _aالمواد الصيدلانية
942 _2ddc
_cBK
999 _c132473
_d132473